แสดงรายละเอียดบรรณานุกรม
  กลับหน้าหลัก

Brief Record : Get Marc (ISO 2709) : E-mail record : QR code ปิดหน้าต่าง
E-books : เกี่ยวกับ Collections
LEADER 00000nam 2200000uu 4500
001    214216
003     ULIBM
008    240819s||||||||th 000 0 tha d
020    ^a978-974-03-4189-5
041    ^atha
060  0 ^aWY163 ป546ก 2567
100 0  ^aปานดวงใจ ไทยดำรงค์เดช.
245 00 ^aการพยาบาลผู้ป่วยที่มีความผิดปกติระบบหายใจ =^bNursing care for patients with respiratory disease/^cปานดวงใจ ไทยดำรงค์เดช.
246 00 ^aNursing care for patients with respiratory disease
250    ^aพิมพ์ครั้งที่ 2.
260    ^aกรุงเทพฯ:^bสำนักพิมพ์จุฬาลงกรณ์มหาวิทยาลัย,^c2567.
300    ^a129 หน้า:^bภาพประกอบ;^c26 ซม.
650  4 ^aการพยาบาลอายุรศาสตร์
650  4 ^aระบบหายใจ--โรค--การพยาบาล
650  4 ^aทางเดินหายใจ--โรค--การพยาบาล
999    ^aใช้งานได้ทุกระบบ
รายการนี้ยังไม่มีแท็ก
คุณยังไม่ได้ล็อกอิน คุณสามารถมีกิจกรรมร่วมกับเว็บไซต์ได้ แต่ต้องล็อกอินก่อน ::
  ล็อกอิน
ลำดับที่ ประเภท เลขเรียก สถานที่ สถานะ
1. การพยาบาล (ตำราหลัก)
การพยาบาล (ตำราหลัก)
WY163 ป546ก 2567 ฉ.1 
  
การพยาบาลผู้ใหญ่ On Shelf
  ขอยืม
Note:จัดซื้อปีงบประมาณ 2567
2. การพยาบาล (ตำราหลัก)
การพยาบาล (ตำราหลัก)
WY163 ป546ก 2567 ฉ.2 
  
การพยาบาลผู้ใหญ่ On Shelf
  ขอยืม
Note:จัดซื้อปีงบประมาณ 2567
3. การพยาบาล (ตำราหลัก)
การพยาบาล (ตำราหลัก)
WY163 ป546ก 2567 ฉ.3 
  
การพยาบาลผู้ใหญ่ On Shelf
  ขอยืม
Note:จัดซื้อปีงบประมาณ 2567
4. การพยาบาล (ตำราหลัก)
การพยาบาล (ตำราหลัก)
WY163 ป546ก 2567 ฉ.4 
  
การพยาบาลผู้ใหญ่ On Shelf
  ขอยืม
Note:จัดซื้อปีงบประมาณ 2567
5. การพยาบาล (ตำราหลัก)
การพยาบาล (ตำราหลัก)
WY163 ป546ก 2567 ฉ.5 
  
การพยาบาลผู้ใหญ่ On Shelf
  ขอยืม
Note:จัดซื้อปีงบประมาณ 2567
   [แสดง 5/5 รายการ]

รายการใกล้เคียง
    หัวเรื่อง [การพยาบาลอายุรศาสตร์]
    หัวเรื่อง [ระบบหายใจ--โรค--การพยาบาล]
    หัวเรื่อง [ทางเดินหายใจ--โรค--การพยาบาล]

BibComment


ยังไม่เคยถูกคอมเมนท์

คอมเมนท์ทรัพยากรรายการนี้
  คอมเมนท์: การพยาบาลผู้ป่วย..
Bib 214216

 
 
 

 Union Library Management : ULibM
Copyright 2026. All Rights Reserved.
скачать бесплатно без регистрации порно красивый секс HD Sex Hindi sex

xxx gou

xxxx

bfxxx

xxxwww

Секса Видео

xxxx

Секса Видео

detube

geilexxx

C99 Shell

worms shell

blod xxx video
Ebony Coed Rihanna Rimes Takes A Dick In Her Young Twat priyaa indian fuck anal and pusssy hardcore indian women xxx desi hardcore fucking part 1 bengalixxxcouple